2005 annual review and financial statements (Record no. 105489)

MARC details
000 -LEADER
fixed length control field 01062cam a2200217 4500
001 - CONTROL NUMBER
control field ##L133862
008 - FIXED-LENGTH DATA ELEMENTS--GENERAL INFORMATION
fixed length control field 060613n2005 000 0 eng u
035 ## - SYSTEM CONTROL NUMBER
System control number (Sirsi) u133862
041 0# - LANGUAGE CODE
Language code of text/sound track or separate title eng
050 04 - LIBRARY OF CONGRESS CALL NUMBER
Classification number 333.0062 $2 18
110 2# - MAIN ENTRY--CORPORATE NAME
Corporate name or jurisdiction name as entry element Royal Institution of Chartered Surveyors
9 (RLIN) 4900
245 00 - TITLE STATEMENT
Title 2005 annual review and financial statements
260 ## - PUBLICATION, DISTRIBUTION, ETC.
Place of publication, distribution, etc. London
Name of publisher, distributor, etc. RICS
Date of publication, distribution, etc. 2005
300 ## - PHYSICAL DESCRIPTION
Extent 25p.
Dimensions 30cm.
490 #0 - SERIES STATEMENT
Series statement RICS Annual Report
490 #0 - SERIES STATEMENT
Series statement RICS Financial Statements
520 ## - SUMMARY, ETC.
Summary, etc. Includes an overview written by President and Chief Executive. Lists members of governing council, officers, strategy and resources board, remuneration sub-group, senior staff, audit committee and professional advisors. Includes honorary treasurers report, strategy and resources board report and independent report of professional auditors. Lists other UK non-trading companies owned by RICS. Financial statements include a five year summary.
650 24 - SUBJECT ADDED ENTRY--TOPICAL TERM
Topical term or geographic name entry element RICS ANNUAL REVIEW AND FINANCIAL STATEMENTS
690 ## - LOCAL SUBJECT ADDED ENTRY--TOPICAL TERM (OCLC, RLIN)
Topical term or geographic name as entry element ABOUT RICS-RICS ANNUAL REPORT
942 ## - ADDED ENTRY ELEMENTS (KOHA)
Suppress in OPAC 0
Holdings
Withdrawn status Lost status Source of classification or shelving scheme Damaged status Not for loan Home library Current library Shelving location Date acquired Total Checkouts Full call number Barcode Date last seen Copy number Price effective from Koha item type Date last checked out
    Dewey Decimal Classification     London London RICS Boxes 28/07/2006   RICS 2005/38 30073047 06/08/2019 1 06/08/2019 Reference material  
    Dewey Decimal Classification     London London RICS Boxes 28/07/2006   RICS 2005/38 30073048 06/08/2019 2 06/08/2019 Reference material  
    Dewey Decimal Classification     London London RICS Boxes 28/07/2006 2 RICS 2005/38 30073049 06/08/2019 3 06/08/2019 Book 03/01/2008